000 00633nam a2200181 i 4500
001 102314
003 ES-MaACL
007 t|
008 051108s1947 sp ||||1| spa d
100 1 _aMenéndez Pidal y de Montes, Juan.
_980318
245 1 0 _aDerecho Procesal Social /
_cJuan Menéndez y de Montes.
260 _aMadrid :
_bRevista de Derecho Privado,
_c1947.
300 _a6 h., 431 p. ;
_c23 cm.
490 1 _aManuales de derecho, economía y hacienda. Serie G ;
_vXVII
830 0 0 _aManuales de derecho, economía y hacienda
_vXVII
_9182706
852 _aES-MaACL
_jE-2314
_bR.23451
999 _c102314
_d102314